1685 1228 1256 1921 1570 1701 1868 1624 1624 1201 1870 1315 1822 1421 1885 1373 1040 1515 1723 1965 1466 1847 1008 1257 1782 1798 1779 1069 1761 1233 1595 1214 1208 1933 1165 1223 1562 1966 1541 1203 1682 1974 1114 1061 1534 1519 1901 1765 1462 1039 1594 1259 1333 1727 1447 1196 1931 1589 1213 1920 1944 1876 1171 1953 1336 1262 1255 1087 1746 1462 1745 1321 1828 1720 1560 1787 1077 1348 1302 1883 1293 1570 1666 1137 1471 1605 1257 1891 1837 1124 1249 1900 1574 1575 1549 1515 1603 1391 1741 BCNSPRNW ULIB Ver.6.0+V

เปลี่ยนเป็นภาษาไทย

Change to English
 แสดงรายละเอียดบรรณานุกรม
  กลับหน้าหลัก

Brief Record : Get Marc (ISO 2709) : E-mail record : QR code < ปิดหน้าต่าง
LEADER : 00000nam 2200000uu 4500
001    13399110733
003     ULIB
008    110608s2552||||th 000 0 tha d
020    9786115311125
060  4 QV767^bป524ก 2552
100 0  ปัญญา ไพศาลอนันต์
245 00 กินกล้วยช่วยชีวิต/^cปัญญา ไพศาลอนันต์
260    กรุงเทพฯ:^bแบงค์คอกบุ๊คส์,^c2552
300    64 หน้า:^bภาพประกอบ
650  7 กล้วย
650  7 ประโยชน์ของกล้วย
945    ^p59^l0^i18252
995    กัณชพร
999    ^aใช้งานได้ทุกระบบ
รายการนี้ยังไม่มีแท็ก
คุณยังไม่ได้ล็อกอิน คุณสามารถมีกิจกรรมร่วมกับเว็บไซต์ได้ แต่ต้องล็อกอินก่อน ::
  ล็อกอิน

รายการสื่อสารสนเทศ

ลำดับที่ ประเภท เลขเรียก/บาร์โค้ด สถานที่ สถานะ
- ไม่พบข้อมูล -

รายการใกล้เคียง
    ผู้แต่ง [ปัญญา ไพศาลอนันต์]

    หัวเรื่อง [กล้วย]
    หัวเรื่อง [ประโยชน์ของกล้วย]

BibComment


ยังไม่เคยถูกคอมเมนท์

คอมเมนท์ทรัพยากรรายการนี้
  คอมเมนท์: กินกล้วยช่วยชีวิต..


 Copyright 2026. Bcnsprnw @Library